[Event "4. Open Ciudad de Tres Cantos 2012"]
[Site "Tres Cantos ESP"]
[Date "2012.06.28"]
[Round "8.9"]
[White "Sterling Carmona, Francisco"]
[Black "Galan Fernandez, Felix"]
[Result "1-0"]
[WhiteElo "1916"]
[BlackElo "2085"]
[PlyCount "119"]
[EventDate "2012.06.21"]
[EventType "swiss"]
[EventRounds "9"]
[EventCountry "ESP"]
[Source "lmi"]
[SourceDate "2012.06.21"]

1. d4 e6 2. c4 c5 3. d5 exd5 4. cxd5 d6 5. Nc3 g6 6. e4 Bg7 7. Bd3 Nf6 8. Nge2
O-O 9. O-O a6 10. a4 Re8 11. h3 Nbd7 12. Ng3 h5 13. Bg5 Qc7 14. f4 Nh7 15. Bh4
c4 16. Bc2 Rb8 17. e5 dxe5 18. f5 g5 19. Nxh5 gxh4 20. Qg4 Qc5+ 21. Kh1 Qf8 22.
Ne4 f6 23. g3 hxg3 24. Rg1 Kh8 25. Nxg7 Qxg7 26. Qh5 Rg8 27. Rg2 b5 28. Nd6 Rf8
29. Rag1 Bb7 30. Be4 Qg5 31. Nf7+ Rxf7 32. Qxf7 Qh4 33. Rxg3 Qxe4+ 34. Kh2 Ng5
35. Qh5+ Nh7 36. Qh6 Qe2+ 37. R1g2 Qxg2+ 38. Rxg2 Rg8 39. Rxg8+ Kxg8 40. Qg6+
Kh8 41. Qf7 Nhf8 42. h4 bxa4 43. h5 Bxd5 44. Qxd5 Kg7 45. Qxc4 e4 46. Qxe4 Ne5
47. Kg3 Nh7 48. Qxa4 Kh6 49. Kh4 Nf3+ 50. Kg4 Ne5+ 51. Kh4 Nf3+ 52. Kg3 Ne5 53.
Qf4+ Ng5 54. Qa4 Nh7 55. Qxa6 Kxh5 56. b4 Ng5 57. Qe2+ Kh6 58. b5 Ngf7 59. b6
Nd6 60. Qd2+ 1-0

[Event "4. Open Ciudad de Tres Cantos 2012"]
[Site "Tres Cantos ESP"]
[Date "2012.06.28"]
[Round "8.10"]
[White "Arauz Alonso, Fernando"]
[Black "Ortega Morales, Pedro"]
[Result "1-0"]
[WhiteElo "2059"]
[BlackElo "1910"]
[PlyCount "101"]
[EventDate "2012.06.21"]
[EventType "swiss"]
[EventRounds "9"]
[EventCountry "ESP"]
[Source "lmi"]
[SourceDate "2012.06.21"]

1. d4 Nf6 2. Nf3 g6 3. Bg5 Bg7 4. Nbd2 d5 5. e3 b6 6. Be2 Bb7 7. O-O Nbd7 8. a4
c5 9. c3 O-O 10. a5 bxa5 11. Qa4 Qc7 12. Bf4 Qb6 13. Qxa5 Qxa5 14. Rxa5 Rfc8
15. Rfa1 a6 16. Bxa6 Bxa6 17. Rxa6 Rxa6 18. Rxa6 Nh5 19. Bg3 Nxg3 20. hxg3 Bf6
21. g4 h6 22. Ra7 Nf8 23. Rb7 c4 24. e4 e6 25. Rb5 Rd8 26. g3 Nh7 27. exd5 exd5
28. b3 cxb3 29. Nxb3 Ng5 30. Nxg5 hxg5 31. Kg2 Be7 32. Kf3 f6 33. Ke3 Kf7 34.
Nc5 f5 35. Rb7 Kf6 36. Nd7+ Ke6 37. Ne5 f4+ 38. gxf4 gxf4+ 39. Kxf4 g5+ 40. Ke3
Bd6 41. Rb6 Rc8 42. Kd3 Rf8 43. Ke3 Re8 44. Kd3 Ke7 45. Rb7+ Ke6 46. Nf7 Be7
47. Nh6 Rf8 48. Nf5 Bd8 49. Ra7 Rh8 50. Ra6+ Kd7 51. Rd6+ 1-0

[Event "4. Open Ciudad de Tres Cantos 2012"]
[Site "Tres Cantos ESP"]
[Date "2012.06.28"]
[Round "8.11"]
[White "Pindado Campos, Raul"]
[Black "Lopez De Turiso, Jose Angel"]
[Result "1/2-1/2"]
[WhiteElo "1908"]
[BlackElo "2044"]
[PlyCount "172"]
[EventDate "2012.06.21"]
[EventType "swiss"]
[EventRounds "9"]
[EventCountry "ESP"]
[Source "lmi"]
[SourceDate "2012.06.21"]

1. d4 g6 2. e4 Bg7 3. c4 d6 4. Nc3 Nd7 5. Be3 e5 6. d5 Ne7 7. Bd3 O-O 8. f3 f5
9. Qd2 Nc5 10. O-O-O Nxd3+ 11. Qxd3 Bd7 12. h4 a6 13. h5 f4 14. Bf2 g5 15. h6
Bf6 16. Nge2 Ng6 17. g3 Be7 18. gxf4 gxf4 19. Rdg1 b5 20. Qd1 Qe8 21. Bh4 Bxh4
22. Rxh4 Qe7 23. Rh5 bxc4 24. Rhg5 Kh8 25. Qf1 Rg8 26. Qg2 Qf7 27. Qf2 Rgb8 28.
Nd1 a5 29. Nec3 a4 30. a3 Ra5 31. Qd2 Rc5 32. Qc2 Ra8 33. Na2 Qf8 34. Ndc3 Qe7
35. Nb4 Be8 36. Qf2 Qd8 37. Qh2 Qb8 38. Qh3 Qd8 39. Qf5 Qe7 40. Qh3 Bd7 41. Qh2
Rf8 42. Na6 Ra5 43. Nxc7 Rc8 44. Ne6 Bxe6 45. dxe6 Qxe6 46. Nd5 Rxd5 47. exd5
Qxd5 48. Qh3 Rc7 49. Qf5 Qf7 50. Qxf7 Rxf7 51. Kc2 d5 52. Kc3 Rb7 53. Kc2 Rb3
54. Rd1 d4 55. Rf1 Kg8 56. Rf5 Re3 57. Rf6 Re2+ 58. Kc1 Rh2 59. Rc6 Rxh6 60.
Rxc4 Rh2 61. Rxa4 Kf7 62. Rc4 Ne7 63. Re1 Kf6 64. a4 Rg2 65. a5 Rg8 66. a6 Ra8
67. Ra4 Nd5 68. a7 Kf5 69. Rh1 Nb6 70. Ra6 e4 71. fxe4+ Kxe4 72. Rxh7 Nc4 73.
Re7+ Kd3 74. Rf7 Rh8 75. Kb1 f3 76. Rxf3+ Ke2 77. a8=Q Rxa8 78. Rf2+ Kxf2 79.
Rxa8 d3 80. Rd8 Ke2 81. b4 d2 82. Kc2 Ne3+ 83. Kc3 d1=Q 84. Rxd1 Kxd1 85. b5
Nd5+ 86. Kc4 Nb6+ 1/2-1/2

[Event "4. Open Ciudad de Tres Cantos 2012"]
[Site "Tres Cantos ESP"]
[Date "2012.06.28"]
[Round "8.12"]
[White "Lopez Moll, Jose Manuel"]
[Black "Martin-Consuegra Barrilero, Javier"]
[Result "1-0"]
[WhiteElo "1996"]
[BlackElo "1880"]
[PlyCount "71"]
[EventDate "2012.06.21"]
[EventType "swiss"]
[EventRounds "9"]
[EventCountry "ESP"]
[Source "lmi"]
[SourceDate "2012.06.21"]

1. e4 d5 2. exd5 Qxd5 3. Nc3 Qa5 4. d4 c6 5. Bd2 Bf5 6. Bc4 Nd7 7. Nf3 Ngf6 8.
Qe2 Qc7 9. Bb3 h6 10. O-O-O e6 11. h3 O-O-O 12. Ne5 Nxe5 13. dxe5 Nd5 14. g4
Nxc3 15. Bxc3 Rxd1+ 16. Rxd1 Bg6 17. f4 Be7 18. Qf3 h5 19. f5 hxg4 20. hxg4
Bg5+ 21. Kb1 exf5 22. gxf5 Bh5 23. Qh1 Rh6 24. Rf1 Qd8 25. a3 Bd1 26. Qg2 f6
27. e6 Rh4 28. e7 Bxc2+ 29. Qxc2 Qxe7 30. Re1 Qd6 31. Be6+ Kc7 32. Rd1 Qf4 33.
Rd7+ Kb8 34. Bb4 Rh1+ 35. Ka2 Rc1 36. Qb3 1-0

[Event "4. Open Ciudad de Tres Cantos 2012"]
[Site "Tres Cantos ESP"]
[Date "2012.06.28"]
[Round "8.13"]
[White "Heras Cuencas, Miguel Angel"]
[Black "Garcia De Quesada, Ignacio"]
[Result "1-0"]
[WhiteElo "1985"]
[BlackElo "1909"]
[PlyCount "45"]
[EventDate "2012.06.21"]
[EventType "swiss"]
[EventRounds "9"]
[EventCountry "ESP"]
[Source "lmi"]
[SourceDate "2012.06.21"]

1. d4 Nf6 2. c4 e6 3. Nf3 Bb4+ 4. Bd2 Bxd2+ 5. Nbxd2 O-O 6. e4 d6 7. Bd3 e5 8.
O-O Bg4 9. Qb3 Nc6 10. d5 Na5 11. Qc3 b6 12. b4 Nb7 13. h3 Bh5 14. Nh2 Qd7 15.
f4 exf4 16. Rxf4 a5 17. b5 Nc5 18. Bc2 Rae8 19. Raf1 Bg6 20. Rxf6 gxf6 21. Ng4
Qe7 22. Nxf6+ Kh8 23. Nxe8+ 1-0

[Event "4. Open Ciudad de Tres Cantos 2012"]
[Site "Tres Cantos ESP"]
[Date "2012.06.28"]
[Round "8.14"]
[White "Barroso Barroso, Jorge"]
[Black "Brull Cortes, Boris"]
[Result "1-0"]
[WhiteElo "1812"]
[BlackElo "1959"]
[PlyCount "63"]
[EventDate "2012.06.21"]
[EventType "swiss"]
[EventRounds "9"]
[EventCountry "ESP"]
[Source "lmi"]
[SourceDate "2012.06.21"]

1. e4 e6 2. d4 d5 3. exd5 exd5 4. Bd3 Nf6 5. Ne2 Bd6 6. Bf4 O-O 7. Nbc3 c6 8.
Qd2 Be6 9. O-O-O b5 10. f3 Na6 11. g4 Nb4 12. Bxd6 Qxd6 13. Ng3 Nxd3+ 14. Qxd3
a5 15. Nce2 Nd7 16. Rhe1 Nb6 17. h3 Nc4 18. f4 a4 19. Qf3 b4 20. f5 b3 21. cxb3
axb3 22. a3 Rxa3 23. Nc3 Ra1+ 24. Nb1 Rxb1+ 25. Kxb1 Qb4 26. Ne2 Qa5 27. Qxb3
Bd7 28. Qc3 Qa4 29. Nc1 Rb8 30. Nd3 Rb3 31. Nc5 Na3+ 32. Ka2 1-0

[Event "4. Open Ciudad de Tres Cantos 2012"]
[Site "Tres Cantos ESP"]
[Date "2012.06.28"]
[Round "8.15"]
[White "Mauro Juarez, Benito"]
[Black "Ruiz Sanchez, Roberto"]
[Result "0-1"]
[WhiteElo "1728"]
[BlackElo "2005"]
[PlyCount "51"]
[EventDate "2012.06.21"]
[EventType "swiss"]
[EventRounds "9"]
[EventCountry "ESP"]
[Source "lmi"]
[SourceDate "2012.06.21"]

1. b3 d5 2. Bb2 Bg4 3. Nf3 Bxf3 4. exf3 e6 5. g3 Nf6 6. Bg2 Be7 7. O-O O-O 8.
d3 Re8 9. Nd2 c5 10. f4 Nc6 11. Nf3 b5 12. Ne5 Qb6 13. Ng4 Nd7 14. Nh6+ Kf8 15.
Qh5 g6 16. Qh3 Bf6 17. Bxf6 Nxf6 18. Qh4 Kg7 19. Ng4 Nxg4 20. Qxg4 b4 21. a4
Nd4 22. Qd1 Rac8 23. a5 Qb5 24. Qd2 Rc6 25. c4 bxc3 26. Qxc3 0-1

[Event "4. Open Ciudad de Tres Cantos 2012"]
[Site "Tres Cantos ESP"]
[Date "2012.06.28"]
[Round "8.16"]
[White "Rodrigo Yanguas, Maria"]
[Black "Sierra Soria, Maria"]
[Result "1-0"]
[WhiteElo "2198"]
[BlackElo "1768"]
[PlyCount "93"]
[EventDate "2012.06.21"]
[EventType "swiss"]
[EventRounds "9"]
[EventCountry "ESP"]
[Source "lmi"]
[SourceDate "2012.06.21"]

1. e4 e5 2. Bc4 Nf6 3. d3 Be7 4. Nc3 d6 5. Bg5 Be6 6. Bb3 Nbd7 7. Nge2 Nc5 8.
O-O Bxb3 9. axb3 Ne6 10. Bd2 d5 11. exd5 Nxd5 12. Nxd5 Qxd5 13. Nc3 Qd7 14. Qf3
c6 15. Qg3 Bf6 16. Rfe1 O-O 17. Ne4 Qe7 18. Nxf6+ Qxf6 19. Rxe5 Rfe8 20. Bc3
Qh6 21. Rae1 Rad8 22. h3 Qg6 23. Qe3 b6 24. f4 Qh6 25. Qe4 Kf8 26. f5 Nc7 27.
f6 gxf6 28. Qxc6 Rxe5 29. Bxe5 Ne6 30. Bc3 Qg5 31. Qf3 Nd4 32. Qe4 Qc5 33. Bxd4
Qxd4+ 34. Qxd4 Rxd4 35. Ra1 a5 36. Ra4 Rd5 37. Rf4 Kg7 38. Kf2 Kg6 39. Ke3 h5
40. d4 Rg5 41. g4 Rb5 42. Ke4 a4 43. d5 axb3 44. c4 Rc5 45. Kd4 hxg4 46. hxg4
Rc8 47. d6 1-0

[Event "4. Open Ciudad de Tres Cantos 2012"]
[Site "Tres Cantos ESP"]
[Date "2012.06.28"]
[Round "8.17"]
[White "Julian Serra, Rogelio"]
[Black "Gonzalez Marquez, Jorge"]
[Result "1-0"]
[WhiteElo "2057"]
[BlackElo "1721"]
[PlyCount "109"]
[EventDate "2012.06.21"]
[EventType "swiss"]
[EventRounds "9"]
[EventCountry "ESP"]
[Source "lmi"]
[SourceDate "2012.06.21"]

1. c4 e5 2. g3 Nf6 3. Bg2 d5 4. cxd5 Nxd5 5. Nc3 c6 6. Qb3 Nb6 7. Nf3 Be6 8.
Qc2 N8d7 9. d4 exd4 10. Nxd4 Qf6 11. Nxe6 Qxe6 12. Bf4 Nf6 13. O-O Be7 14. e4
O-O 15. Ne2 Qc4 16. Qxc4 Nxc4 17. b3 Nb2 18. Be3 Rfd8 19. h3 a5 20. Rab1 Nd3
21. Rfd1 Bb4 22. Bb6 Rd7 23. Nf4 Nxf4 24. gxf4 Rc8 25. Bf3 Re7 26. Bd8 Rd7 27.
Bb6 Re7 28. e5 Nd7 29. Bg4 Nxb6 30. Bxc8 Nd5 31. Rbc1 Re8 32. Bxb7 Nxf4 33.
Rxc6 Nxh3+ 34. Kf1 Nf4 35. Ba6 h5 36. Rc4 g5 37. Rc8 Rxc8 38. Bxc8 h4 39. Kg1
Bc3 40. a3 Bxe5 41. b4 axb4 42. axb4 Kg7 43. b5 Kg6 44. b6 Ne2+ 45. Kh1 Nd4 46.
b7 Nc6 47. Rd5 f6 48. Rc5 Nb8 49. Kg2 Bd6 50. Rd5 Be5 51. Kh3 Nc6 52. Kg4 Nb8
53. Be6 Nc6 54. Rd7 Nb8 55. Bf5+ 1-0

[Event "4. Open Ciudad de Tres Cantos 2012"]
[Site "Tres Cantos ESP"]
[Date "2012.06.28"]
[Round "8.18"]
[White "Guerrero Villanueva, David"]
[Black "Hernandez Mateo, Borja"]
[Result "1-0"]
[WhiteElo "2021"]
[BlackElo "1719"]
[PlyCount "53"]
[EventDate "2012.06.21"]
[EventType "swiss"]
[EventRounds "9"]
[EventCountry "ESP"]
[Source "lmi"]
[SourceDate "2012.06.21"]

1. e4 c5 2. c3 Nf6 3. e5 Nd5 4. d4 cxd4 5. cxd4 e6 6. Nc3 Nxc3 7. bxc3 d5 8.
Bd3 Nc6 9. Nf3 Be7 10. Bc2 b6 11. O-O Ba6 12. Re1 O-O 13. Nd2 Re8 14. Re3 Bf8
15. Bxh7+ Kxh7 16. Qh5+ Kg8 17. Rh3 f6 18. exf6 Qxf6 19. Qh7+ Kf7 20. Rf3 Be7
21. Rxf6+ Bxf6 22. Qh5+ g6 23. Qh7+ Bg7 24. Qh4 Rh8 25. Qf4+ Bf6 26. Nf3 Rh5
27. g4 1-0

[Event "4. Open Ciudad de Tres Cantos 2012"]
[Site "Tres Cantos ESP"]
[Date "2012.06.28"]
[Round "8.19"]
[White "Alvarez Gonzalez, Eduardo"]
[Black "Rodriguez Dorado, Victor"]
[Result "0-1"]
[WhiteElo "1773"]
[BlackElo "1946"]
[PlyCount "120"]
[EventDate "2012.06.21"]
[EventType "swiss"]
[EventRounds "9"]
[EventCountry "ESP"]
[Source "lmi"]
[SourceDate "2012.06.21"]

1. d4 Nf6 2. Nf3 g6 3. c4 Bg7 4. Nc3 d6 5. e4 O-O 6. Be2 e5 7. O-O Nc6 8. d5
Ne7 9. b4 a5 10. Ba3 axb4 11. Bxb4 Nd7 12. Ne1 f5 13. f3 Nf6 14. Nd3 b6 15. a4
Ba6 16. Qb3 Nd7 17. Qa2 Bh6 18. a5 Be3+ 19. Kh1 bxa5 20. Bxa5 Nc5 21. Bb4 Bd4
22. Nxc5 dxc5 23. Ba5 Nc8 24. Qa4 Nb6 25. Bxb6 cxb6 26. Qb3 Qg5 27. Qxb6 Bxc3
28. Rxa6 Rxa6 29. Qxa6 Qd2 30. Qe6+ Kg7 31. Rb1 Qxe2 32. exf5 Rxf5 33. d6 Be1
34. Rb7+ Kh6 35. h3 Qf1+ 36. Kh2 Bg3+ 37. Kxg3 Rg5+ 38. Qg4 Rxg4+ 39. hxg4 Qxc4
40. d7 Qd5 41. Kh4 g5+ 42. Kg3 c4 43. Rc7 c3 44. Rxc3 Qxd7 45. Rc4 Kg6 46. Re4
Kf6 47. Kf2 Ke6 48. Re2 Qd4+ 49. Kf1 Kd5 50. Re1 Qd3+ 51. Kf2 Qc2+ 52. Re2 Qc6
53. Kf1 Kd4 54. Re4+ Kd3 55. Re1 Qb5 56. Kf2 Kd2 57. Re4 Qd3 58. Re1 h5 59.
gxh5 g4 60. fxg4 Qd4+ 0-1

[Event "4. Open Ciudad de Tres Cantos 2012"]
[Site "Tres Cantos ESP"]
[Date "2012.06.28"]
[Round "8.20"]
[White "Marcos Herrero, Francisco"]
[Black "Palenciano Escolar, Adrian"]
[Result "0-1"]
[WhiteElo "1914"]
[BlackElo "1595"]
[PlyCount "66"]
[EventDate "2012.06.21"]
[EventType "swiss"]
[EventRounds "9"]
[EventCountry "ESP"]
[Source "lmi"]
[SourceDate "2012.06.21"]

1. d4 d5 2. c4 c6 3. Nf3 Nf6 4. g3 dxc4 5. Ne5 Bf5 6. Bg2 Nbd7 7. Nxc4 e6 8.
Nc3 Bb4 9. O-O O-O 10. Qb3 Bxc3 11. bxc3 Nb6 12. Ba3 Nxc4 13. Bxf8 Nd2 14. Qxb7
Qxf8 15. Rfd1 Nde4 16. Rac1 Rb8 17. Qxc6 Rb2 18. Qa6 Qb8 19. h3 Nd5 20. Kf1 h6
21. g4 Ne3+ 22. Kg1 Nxd1 23. gxf5 Nexf2 24. fxe6 Nxh3+ 25. Bxh3 Qg3+ 26. Bg2
Qe3+ 27. Kh2 Qxc1 28. Qc8+ Kh7 29. exf7 Qf4+ 30. Kg1 Qxf7 31. Bf3 Qf4 32. Kh1
Qh4+ 33. Kg1 Qg3+ 0-1

[Event "4. Open Ciudad de Tres Cantos 2012"]
[Site "Tres Cantos ESP"]
[Date "2012.06.28"]
[Round "8.21"]
[White "Campos Palacios, Daniel"]
[Black "Bernal Zajarov, Mateo"]
[Result "1-0"]
[WhiteElo "1896"]
[BlackElo "1506"]
[PlyCount "41"]
[EventDate "2012.06.21"]
[EventType "swiss"]
[EventRounds "9"]
[EventCountry "ESP"]
[Source "lmi"]
[SourceDate "2012.06.21"]

1. e4 c5 2. Nf3 g6 3. d4 cxd4 4. Qxd4 f6 5. Be3 Nh6 6. Nc3 Bg7 7. h3 O-O 8. Qd2
Nf7 9. Nd4 Nc6 10. f4 d6 11. Bc4 Bh6 12. Ne6 Bxe6 13. Bxe6 Qc7 14. Nd5 Qd8 15.
h4 Na5 16. b3 b6 17. h5 Bg7 18. hxg6 hxg6 19. g4 Re8 20. Qh2 Kf8 21. Qh7 1-0

[Event "4. Open Ciudad de Tres Cantos 2012"]
[Site "Tres Cantos ESP"]
[Date "2012.06.28"]
[Round "8.22"]
[White "Martin Espeja, Jorge J"]
[Black "Montoya Pecurul, Marc"]
[Result "0-1"]
[WhiteElo "1830"]
[BlackElo "1892"]
[PlyCount "72"]
[EventDate "2012.06.21"]
[EventType "swiss"]
[EventRounds "9"]
[EventCountry "ESP"]
[Source "lmi"]
[SourceDate "2012.06.21"]

1. f4 d5 2. Nf3 Nf6 3. e3 Bf5 4. Be2 h6 5. b3 e6 6. Bb2 Be7 7. O-O O-O 8. Nd4
Bh7 9. Bd3 Bxd3 10. cxd3 Nbd7 11. Nf3 c5 12. Nc3 Rb8 13. Ne2 c4 14. Rc1 Qa5 15.
Rc2 Rfc8 16. Ng3 b5 17. dxc4 bxc4 18. bxc4 Rxc4 19. Rxc4 dxc4 20. Bc3 Qxa2 21.
Nd4 Rb3 22. Qf3 Nd5 23. f5 Ne5 24. Qh5 Nxc3 25. fxe6 f6 26. Qe8+ Kh7 27. dxc3
Rb2 28. Nde2 Bc5 29. Kf2 Ng4+ 30. Kf3 Nxh2+ 31. Ke4 Nxf1 32. Nh5 Qb1+ 33. Kd5
Qf5+ 34. Kc6 Rb6+ 35. Kc7 Qe5+ 36. Kd7 Qd6+ 0-1

[Event "4. Open Ciudad de Tres Cantos 2012"]
[Site "Tres Cantos ESP"]
[Date "2012.06.28"]
[Round "8.23"]
[White "Cabrera Fernandez, Daniel"]
[Black "Casado Izquierdo, David"]
[Result "1-0"]
[WhiteElo "1880"]
[BlackElo "2115"]
[PlyCount "79"]
[EventDate "2012.06.21"]
[EventType "swiss"]
[EventRounds "9"]
[EventCountry "ESP"]
[Source "lmi"]
[SourceDate "2012.06.21"]

1. e4 c5 2. Nf3 Nc6 3. c3 d5 4. exd5 Qxd5 5. d3 Bf5 6. Be2 O-O-O 7. Be3 e5 8.
Na3 Bxd3 9. Qxd3 Qxd3 10. Bxd3 Rxd3 11. Nc4 f6 12. Ke2 Rd7 13. Rhd1 g6 14. Rxd7
Kxd7 15. Rd1+ Kc7 16. a4 Nh6 17. Nfd2 Nf5 18. Ne4 Nxe3 19. Nxe3 f5 20. Nf6 Nb8
21. g4 f4 22. Nc4 Bg7 23. Nd5+ Kc8 24. Nd6+ Kd7 25. Nxb7 Na6 26. Nb4+ Kc7 27.
Nxa6+ Kxb7 28. Nxc5+ Kc6 29. Ne6 Bf6 30. b4 a6 31. c4 Re8 32. b5+ axb5 33.
cxb5+ Kb6 34. Rd6+ Ka7 35. a5 e4 36. Nxf4 Be5 37. Rd7+ Ka8 38. Nd5 Bxh2 39. b6
Rc8 40. b7+ 1-0

[Event "4. Open Ciudad de Tres Cantos 2012"]
[Site "Tres Cantos ESP"]
[Date "2012.06.28"]
[Round "8.24"]
[White "Largo Barbero, Benito"]
[Black "Fernandez Rodriguez, Fernando J"]
[Result "0-1"]
[WhiteElo "1864"]
[BlackElo "1495"]
[PlyCount "82"]
[EventDate "2012.06.21"]
[EventType "swiss"]
[EventRounds "9"]
[EventCountry "ESP"]
[Source "lmi"]
[SourceDate "2012.06.21"]

1. e4 e5 2. f4 Bc5 3. Nf3 d6 4. Bc4 Nf6 5. d3 Nc6 6. h3 h6 7. Nc3 a6 8. Ne2 Be6
9. Bxe6 fxe6 10. fxe5 Nxe5 11. Nxe5 dxe5 12. c3 O-O 13. Rf1 Nh5 14. Rxf8+ Qxf8
15. Kd2 Qf2 16. b4 Be3+ 17. Kc2 Bxc1 18. Rxc1 Nf4 19. Kb3 Qxe2 20. Qg1 Qxd3 21.
Rd1 Qxe4 22. Qc5 b5 23. g3 Qc4+ 24. Qxc4 bxc4+ 25. Kxc4 Nxh3 26. Rd7 c6 27. Kc5
a5 28. Kxc6 axb4 29. cxb4 Rxa2 30. b5 Rg2 31. Rd3 Rc2+ 32. Kb7 Nf2 33. Rb3 Ne4
34. Kb8 Nc5 35. Rb1 Kf7 36. Ka7 Ke7 37. b6 Nd7 38. Ka6 Rc6 39. Ka7 Rxb6 40. Re1
Rb3 41. g4 Rg3 0-1

[Event "4. Open Ciudad de Tres Cantos 2012"]
[Site "Tres Cantos ESP"]
[Date "2012.06.28"]
[Round "8.27"]
[White "Lopez Perez, IÃ±igo"]
[Black "Fernandez Gil, Ruben Carlos"]
[Result "0-1"]
[WhiteElo "1720"]
[BlackElo "1888"]
[PlyCount "62"]
[EventDate "2012.06.21"]
[EventType "swiss"]
[EventRounds "9"]
[EventCountry "ESP"]
[Source "lmi"]
[SourceDate "2012.06.21"]

1. b4 e5 2. Bb2 Bxb4 3. f4 d6 4. Nf3 Nc6 5. c4 Qe7 6. Qa4 Bd7 7. Qb3 Nf6 8.
fxe5 dxe5 9. e3 O-O 10. Be2 Rad8 11. O-O Bc5 12. a4 Bb6 13. Na3 Bg4 14. Rad1 e4
15. Bxf6 gxf6 16. Qb1 exf3 17. Bxf3 Bxf3 18. Rxf3 Ne5 19. Rg3+ Ng6 20. Nb5 c6
21. Nc3 Rd7 22. d4 Bc7 23. Rh3 Re8 24. Qf5 Qe6 25. Qh5 Nf8 26. d5 Qe5 27. Rg3+
Ng6 28. Qg4 f5 29. Qd4 Qxd4 30. Rxd4 Bxg3 31. hxg3 Rxe3 0-1

[Event "4. Open Ciudad de Tres Cantos 2012"]
[Site "Tres Cantos ESP"]
[Date "2012.06.28"]
[Round "8.28"]
[White "De Torres Lopez, Javier"]
[Black "Minguela Muñoz, Bienvenido"]
[Result "0-1"]
[WhiteElo "1627"]
[BlackElo "1878"]
[PlyCount "40"]
[EventDate "2012.06.21"]
[EventType "swiss"]
[EventRounds "9"]
[EventCountry "ESP"]
[Source "lmi"]
[SourceDate "2012.06.21"]

1. f4 e6 2. Nf3 Nf6 3. e3 b6 4. b3 Bb7 5. Bb2 c5 6. Nc3 d5 7. Bb5+ Nbd7 8. O-O
a6 9. Bxd7+ Nxd7 10. Ne2 Rc8 11. Ng3 d4 12. Kh1 Be7 13. exd4 h5 14. f5 h4 15.
fxe6 hxg3 16. exd7+ Qxd7 17. Re1 Rxh2+ 18. Nxh2 Qh3 19. Rxe7+ Kxe7 20. Qe2+ Kf8
0-1

[Event "4. Open Ciudad de Tres Cantos 2012"]
[Site "Tres Cantos ESP"]
[Date "2012.06.28"]
[Round "8.29"]
[White "Zuazua Conde, Ivan Javier"]
[Black "De La Orden Alcocer, Alejandro"]
[Result "0-1"]
[WhiteElo "1532"]
[BlackElo "1839"]
[PlyCount "78"]
[EventDate "2012.06.21"]
[EventType "swiss"]
[EventRounds "9"]
[EventCountry "ESP"]
[Source "lmi"]
[SourceDate "2012.06.21"]

1. d4 Nf6 2. c4 d6 3. Nc3 e5 4. Bg5 Be7 5. e4 exd4 6. Qxd4 Nc6 7. Qd1 O-O 8.
Nf3 Re8 9. Be2 h6 10. Bh4 Nxe4 11. Bxe7 Qxe7 12. Nd5 Qd8 13. O-O Bf5 14. a3 a5
15. Re1 Nf6 16. Nxf6+ Qxf6 17. Qd2 Re7 18. Bf1 Rae8 19. Rxe7 Rxe7 20. h3 Bxh3
21. Re1 Bf5 22. b3 Kf8 23. Rxe7 Kxe7 24. Qe3+ Kd8 25. a4 g5 26. Bd3 Bg4 27. Nd2
Qa1+ 28. Kh2 Qe5+ 29. Qxe5 Nxe5 30. Bc2 Ke7 31. f3 Bh5 32. Be4 b6 33. Nf1 Bg6
34. Bxg6 fxg6 35. Nd2 Nd3 36. Kg1 Ke6 37. Kf1 Ke5 38. g3 Kd4 39. Ke2 Nc5 0-1

[Event "4. Open Ciudad de Tres Cantos 2012"]
[Site "Tres Cantos ESP"]
[Date "2012.06.28"]
[Round "8.30"]
[White "Delgado Mena, Diego"]
[Black "Martinez Montalvo, Eduardo"]
[Result "0-1"]
[WhiteElo "1524"]
[BlackElo "1827"]
[PlyCount "58"]
[EventDate "2012.06.21"]
[EventType "swiss"]
[EventRounds "9"]
[EventCountry "ESP"]
[Source "lmi"]
[SourceDate "2012.06.21"]

1. d4 Nf6 2. Nf3 c5 3. dxc5 Nc6 4. c3 a5 5. g3 e6 6. Bg5 Bxc5 7. Bg2 d5 8. e3
h6 9. Bxf6 Qxf6 10. Nbd2 O-O 11. O-O b6 12. a4 Ba6 13. Re1 Rab8 14. Nb3 Rfd8
15. Nfd4 Ne5 16. Nb5 Rbc8 17. N3d4 Bxd4 18. exd4 Nc4 19. Ra2 Bxb5 20. axb5 Qe7
21. Qd3 Qd7 22. b3 Nd6 23. Rc1 Qxb5 24. Qxb5 Nxb5 25. c4 Nxd4 26. Rb2 Rc5 27.
b4 axb4 28. Rxb4 Ne2+ 29. Kh1 Nxc1 0-1

[Event "4. Open Ciudad de Tres Cantos 2012"]
[Site "Tres Cantos ESP"]
[Date "2012.06.28"]
[Round "8.31"]
[White "Bartolome Chicharro, Jesus"]
[Black "Herranz Sanchez, Pablo"]
[Result "1-0"]
[WhiteElo "1807"]
[BlackElo "1724"]
[PlyCount "83"]
[EventDate "2012.06.21"]
[EventType "swiss"]
[EventRounds "9"]
[EventCountry "ESP"]
[Source "lmi"]
[SourceDate "2012.06.21"]

1. e4 c5 2. Nc3 e6 3. d3 Nc6 4. g3 g6 5. Bg2 Bg7 6. Be3 d6 7. Nge2 Nge7 8. Qd2
O-O 9. Bh6 a6 10. h4 Ne5 11. h5 Ng4 12. Bxg7 Kxg7 13. hxg6 fxg6 14. f3 Nf6 15.
Qh6+ Kg8 16. g4 Rf7 17. Bh3 Qf8 18. Qh4 Ne8 19. f4 Qg7 20. g5 b5 21. Kd2 Nc7
22. Raf1 d5 23. e5 Bd7 24. Qf2 c4 25. dxc4 bxc4 26. Qb6 Rc8 27. Nd4 Nf5 28.
Bxf5 gxf5 29. Rh6 Re7 30. Rfh1 Qf8 31. g6 Qe8 32. Rxh7 Rxh7 33. gxh7+ Kh8 34.
Nxf5 Na8 35. Qd4 Qg6 36. Nh4 Qg4 37. Ne2 Bb5 38. c3 Rc7 39. f5 Qg5+ 40. Qf4
Qxf4+ 41. Nxf4 exf5 42. Nhg6+ 1-0

[Event "4. Open Ciudad de Tres Cantos 2012"]
[Site "Tres Cantos ESP"]
[Date "2012.06.28"]
[Round "8.32"]
[White "Rezola Gimenez, Gonzalo"]
[Black "Anton Prado, Augusto"]
[Result "1-0"]
[WhiteElo "1468"]
[BlackElo "1775"]
[PlyCount "51"]
[EventDate "2012.06.21"]
[EventType "swiss"]
[EventRounds "9"]
[EventCountry "ESP"]
[Source "lmi"]
[SourceDate "2012.06.21"]

1. e4 e6 2. d4 d5 3. e5 c5 4. c3 Nc6 5. Bb5 Bd7 6. a3 Nge7 7. f4 Nf5 8. Nf3 Be7
9. O-O O-O 10. Bd3 Nh6 11. Nbd2 c4 12. Bc2 f6 13. Re1 Qe8 14. Nf1 fxe5 15. fxe5
Nf5 16. Ne3 Nh4 17. Nxh4 Bxh4 18. g3 Be7 19. Qg4 Kh8 20. Ng2 Qf7 21. Nf4 g5 22.
Nh3 h5 23. Qe2 h4 24. Nxg5 Bxg5 25. Bxg5 hxg3 26. Bf6+ 1-0

[Event "4. Open Ciudad de Tres Cantos 2012"]
[Site "Tres Cantos ESP"]
[Date "2012.06.28"]
[Round "8.33"]
[White "Fernandez Muñoz, Emiliano"]
[Black "Yeves Miquel, Enrique"]
[Result "1-0"]
[WhiteElo "2050"]
[BlackElo "1748"]
[PlyCount "43"]
[EventDate "2012.06.21"]
[EventType "swiss"]
[EventRounds "9"]
[EventCountry "ESP"]
[Source "lmi"]
[SourceDate "2012.06.21"]

1. e4 c6 2. d4 d5 3. exd5 cxd5 4. Bd3 Nc6 5. c3 Qc7 6. h3 e6 7. Nf3 Nf6 8. O-O
Bd6 9. Re1 a6 10. a4 O-O 11. Na3 h6 12. Bd2 Bd7 13. Qc1 Na5 14. Bc2 b5 15. Bxh6
Nh5 16. Qg5 Bf4 17. Qxh5 Bxh6 18. Ne5 Be8 19. Ng4 f5 20. Nxh6+ gxh6 21. Qxh6
Bf7 22. Re3 1-0